书目信息 |
| 题名: |
城市景观中园林植物应用研究
|
|
| 作者: | 尹娟 著 | |
| 分册: | ||
| 出版信息: | 湘潭 湘潭大学出版社 2023 |
|
| 页数: | 201页 | |
| 开本: | 24cm | |
| 丛书名: | ||
| 单 册: | ||
| 中图分类: | S688 , TU984.1 | |
| 科图分类: | ||
| 主题词: | 园林植物--应用--城市景观 | |
| 电子资源: | ||
| ISBN: | 978-7-5687-1263-7 | |
| 000 | 00969nam0 2200241 450 | |
| 001 | 012024000293 | |
| 005 | 20240924225236.0 | |
| 010 | @a978-7-5687-1263-7@dCNY68.00 | |
| 100 | @a20240924d2023 em y0chiy50 ea | |
| 101 | 0 | @achi |
| 102 | @aCN@b430000 | |
| 105 | @ay z 000yy | |
| 106 | @ar | |
| 200 | 1 | @a城市景观中园林植物应用研究@Acheng shi jing guan zhong yuan lin zhi wu ying yong yan jiu@f尹娟著 |
| 210 | @a湘潭@c湘潭大学出版社@d2023 | |
| 215 | @a201页@d24cm | |
| 330 | @a本书共七章,内容包括:园林植物和城市景观的相关概念及内容、城市景观设计中园林植物应用概述、公园绿地植物景观设计、数字理念下城市公园植物景观设计、居住区绿地植物景观设计、城市交通空间植物景观设计、园林植物在现代城市景观设计应用中的未来发展方向。 | |
| 606 | 0 | @a园林植物@x应用@x城市景观 |
| 690 | @aS688@v5 | |
| 690 | @aTU984.1@v5 | |
| 701 | 0 | @a尹娟@Ayin juan@f(1979~)@4著 |
| 801 | 0 | @aCN@bAHXH@c20240924 |
| 905 | @b214141178@b214141187@b214141196@b214141203@b214141212@dS688@e725@f5 | |
| 城市景观中园林植物应用研究/尹娟著.-湘潭:湘潭大学出版社,2023 |
| 201页;24cm |
| ISBN 978-7-5687-1263-7:CNY68.00 |
| 本书共七章,内容包括:园林植物和城市景观的相关概念及内容、城市景观设计中园林植物应用概述、公园绿地植物景观设计、数字理念下城市公园植物景观设计、居住区绿地植物景观设计、城市交通空间植物景观设计、园林植物在现代城市景观设计应用中的未来发展方向。 |
| ● |
| 相关链接 |
|
|
|
|
正题名:城市景观中园林植物应用研究
索取号:S688/725
 
预约/预借
| 序号 | 登录号 | 条形码 | 馆藏地/架位号 | 状态 | 备注 |
| 1 | 1414117 | 214141178 | 第二样本阅览室/ [索取号:S688/725] | 在馆 | |
| 2 | 1414118 | 214141187 | 第三借阅区/ [索取号:S688/725] | 在馆 | |
| 3 | 1414119 | 214141196 | 第三借阅区/ [索取号:S688/725] | 在馆 | |
| 4 | 1414120 | 214141203 | 第三借阅区/ [索取号:S688/725] | 在馆 | |
| 5 | 1414121 | 214141212 | 第三借阅区/ [索取号:S688/725] | 在馆 |